[Event "Open A Zadar 2016"]
[Site "Zadar"]
[Date "2016.12.14"]
[Round "6.26"]
[White "Deglmann, Ludwig"]
[Black "Krsnik Cohar, Ivan Vihor"]
[Result "1-0"]
[WhiteElo "2303"]
[BlackElo "2353"]
[PlyCount "83"]
[EventDate "2016.12.11"]
[EventCountry "CRO"]
[WhiteClock "0:00:46"]
[BlackClock "0:00:14"]

1. Nf3 d5 2. c4 c6 3. e3 Nf6 4. Nc3 Bf5 5. cxd5 Nxd5 6. d4 e6 7. Bd3 Bxd3 8.
Qxd3 Be7 9. O-O O-O 10. e4 Nf6 11. Rd1 Nbd7 12. h3 Qc7 13. Be3 Rfd8 14. Rac1
Qa5 15. Qb1 Rac8 16. e5 Nd5 17. Bg5 f6 18. exf6 Bxf6 19. Ne4 Bxg5 20. Nexg5 Nf8
21. Ne5 Rc7 22. a3 h6 23. Ngf3 Rcc8 24. Qc2 Qc7 25. Re1 Ne7 26. Qe4 Nf5 27. g4
Nd6 28. Qe3 Qe7 29. Nd3 Re8 30. Nf4 Rcd8 31. d5 cxd5 32. Nxd5 Qf7 33. Ne5 exd5
34. Nxf7 Rxe3 35. Nxd8 Rxh3 36. Rcd1 Ne4 37. Rxd5 Nf6 38. Rb5 b6 39. g5 Rh5 40.
Re7 hxg5 41. Rxa7 Ng6 42. Ne6 1-0

[Event "Open A Zadar 2016"]
[Site "Zadar"]
[Date "2016.12.14"]
[Round "6.27"]
[White "Zovko, Mario"]
[Black "Stocko, Josip"]
[Result "1/2-1/2"]
[WhiteElo "2342"]
[BlackElo "2340"]
[PlyCount "37"]
[EventDate "2016.12.11"]
[EventCountry "CRO"]
[WhiteClock "0:01:33"]
[BlackClock "0:01:34"]

1. e4 c5 2. Nf3 d6 3. c3 Nf6 4. Bd3 e6 5. O-O Be7 6. Qe2 O-O 7. Bc2 Nbd7 8. d3
b6 9. Nbd2 Bb7 10. Re1 Rc8 11. Nf1 Qc7 12. h3 a6 13. Bf4 Rfe8 14. g4 g6 15. Bg3
Bf8 16. Rad1 b5 17. Bb1 Qb8 18. Bh2 Qa8 19. Ng3 1/2-1/2

[Event "Open A Zadar 2016"]
[Site "Zadar"]
[Date "2016.12.14"]
[Round "6.28"]
[White "Bao, Qilin"]
[Black "Polok, Kacper"]
[Result "1-0"]
[WhiteElo "2331"]
[BlackElo "2299"]
[PlyCount "33"]
[EventDate "2016.12.11"]
[EventCountry "CRO"]

1. Nf3 Nf6 2. c4 c5 3. g3 Nc6 4. Bg2 g6 5. O-O Bg7 6. Nc3 O-O 7. d4 cxd4 8.
Nxd4 Nxd4 9. Qxd4 d6 10. Qh4 Rb8 11. Rd1 b6 12. Bg5 Bb7 13. e4 Qc8 14. Rac1
Qxc4 15. Nd5 Bxd5 16. Rxc4 Bxc4 17. e5 1-0

[Event "Open A Zadar 2016"]
[Site "Zadar"]
[Date "2016.12.14"]
[Round "6.29"]
[White "Matko, Ognjen"]
[Black "Blohberger, Felix"]
[Result "1/2-1/2"]
[WhiteElo "2311"]
[BlackElo "2272"]
[PlyCount "124"]
[EventDate "2016.12.11"]
[EventCountry "CRO"]

1. d4 Nf6 2. c4 e6 3. Nc3 Bb4 4. Qc2 b6 5. Nf3 Bb7 6. Bg5 h6 7. Bd2 O-O 8. e3
c5 9. dxc5 bxc5 10. Be2 Bxc3 11. Bxc3 Ne4 12. O-O Nxc3 13. Qxc3 Qe7 14. Rfd1
Rd8 15. Rd2 d6 16. Rad1 a5 17. Ne1 Ra6 18. Bf3 Nc6 19. Nd3 Rb8 20. b3 Nb4 21.
Bxb7 Rxb7 22. Nc1 Rd7 23. h3 Rb6 24. Kf1 Qe8 25. Ne2 Qc8 26. Ng3 a4 27. Nh5 f6
28. e4 axb3 29. axb3 Qe8 30. Qf3 Ra6 31. Qg4 Qf7 32. Kg1 f5 33. exf5 Qxf5 34.
Qe2 Nc6 35. Ng3 Qf7 36. Qd3 Ra3 37. Ne2 Ne5 38. Qe4 Ra6 39. Nc3 Qf6 40. Nb5 Nf7
41. h4 g6 42. Rd3 Kg7 43. Rg3 Qf5 44. Qe2 Qf6 45. Rf3 Qxh4 46. Qxe6 Qe7 47. Qd5
Qe5 48. Qd3 Ra1 49. Re3 Rxd1+ 50. Qxd1 Qf6 51. Rd3 h5 52. Rd5 Rd8 53. g3 Ra8
54. Kg2 Ra1 55. Qe2 Rb1 56. Nc7 Kh7 57. Ne8 Qa1 58. Qe7 Rg1+ 59. Kh2 Rh1+ 60.
Kg2 Rg1+ 61. Kh2 Rh1+ 62. Kg2 Rg1+ 1/2-1/2

[Event "Open A Zadar 2016"]
[Site "Zadar"]
[Date "2016.12.14"]
[Round "6.30"]
[White "Tica, Sven"]
[Black "Jusic, Zdenko"]
[Result "1-0"]
[WhiteElo "2359"]
[BlackElo "2257"]
[PlyCount "125"]
[EventDate "2016.12.11"]
[EventCountry "CRO"]

1. d4 d6 2. g3 e5 3. Bg2 Nd7 4. c4 Ngf6 5. Nc3 c6 6. e3 Be7 7. Nge2 h5 8. h3 g5
9. e4 g4 10. hxg4 Nxg4 11. f3 Ngf6 12. Be3 Rg8 13. Bf2 Qa5 14. Qa4 Qc7 15. Rd1
a6 16. b4 b5 17. cxb5 Nb6 18. Qb3 axb5 19. Bh3 Ba6 20. dxe5 dxe5 21. Nc1 c5 22.
bxc5 Bxc5 23. Nd3 Bxf2+ 24. Kxf2 Nc4 25. Qb4 Qb6+ 26. Qc5 Qxc5+ 27. Nxc5 b4 28.
Nd7 Nxd7 29. Bxd7+ Ke7 30. Na4 Nd6 31. Rxh5 Kxd7 32. Rh6 Ke7 33. Rhxd6 Bb5 34.
Nb6 Rxa2+ 35. R6d2 b3 36. Rxa2 bxa2 37. Ra1 Rh8 38. Kg2 Kd6 39. Rxa2 Kc5 40.
Nd5 Bc4 41. Rc2 Kd4 42. Rd2+ Kc5 43. Ne3 Be6 44. g4 Ra8 45. Kg3 Ra3 46. Nd5 Ra7
47. Nf6 Kc4 48. g5 Ra1 49. Ng4 Ra5 50. Rd6 Kc5 51. Rxe6 fxe6 52. g6 Ra7 53. Kh4
Kd6 54. Kg5 Ke7 55. Nxe5 Ra1 56. Nc6+ Kd6 57. Kf6 Kxc6 58. g7 Rg1 59. Kf7 e5
60. g8=Q Rxg8 61. Kxg8 Kc5 62. Kf7 Kc4 63. Kf6 1-0

[Event "Open A Zadar 2016"]
[Site "Zadar"]
[Date "2016.12.15"]
[Round "7.1"]
[White "Bai, Jinshi"]
[Black "Zelcic, Robert"]
[Result "1-0"]
[WhiteElo "2544"]
[BlackElo "2496"]
[PlyCount "91"]
[EventDate "2016.12.11"]
[EventCountry "CRO"]

1. d4 Nf6 2. c4 e6 3. g3 d5 4. Bg2 Bb4+ 5. Nd2 O-O 6. Ngf3 dxc4 7. O-O b5 8. a4
c6 9. axb5 cxb5 10. Ng5 Nd5 11. e4 Qxg5 12. exd5 exd5 13. Nxc4 Qd8 14. Ne5 a5
15. Bd2 Bxd2 16. Qxd2 Be6 17. Rfc1 b4 18. Rc5 Re8 19. Qc2 g6 20. h4 Nd7 21.
Nxd7 Qxd7 22. Raxa5 Rxa5 23. Rxa5 Rc8 24. Qd2 b3 25. Qe3 Qc7 26. Rc5 Qb7 27.
Rxc8+ Qxc8 28. Qxb3 Qc1+ 29. Kh2 Qd2 30. Qb8+ Kg7 31. Qe5+ Kg8 32. Qb8+ Kg7 33.
Qe5+ Kg8 34. h5 Qxf2 35. h6 Kf8 36. b4 Qd2 37. Qg7+ Ke7 38. b5 Qe2 39. b6 Kd6
40. Qf8+ Kc6 41. Qc5+ Kd7 42. Qc7+ Ke8 43. b7 Qh5+ 44. Kg1 Qd1+ 45. Bf1 Qxd4+
46. Kh1 1-0

[Event "Open A Zadar 2016"]
[Site "Zadar"]
[Date "2016.12.15"]
[Round "7.2"]
[White "Dragnev, Valentin"]
[Black "Nikolic, Predrag"]
[Result "1-0"]
[WhiteElo "2475"]
[BlackElo "2615"]
[PlyCount "151"]
[EventDate "2016.12.11"]
[EventCountry "CRO"]

1. e4 e6 2. d4 d5 3. Nd2 Be7 4. Ngf3 Nf6 5. e5 Nfd7 6. Bd3 c5 7. c3 b6 8. Qe2
Nc6 9. a3 c4 10. Bc2 Bb7 11. h4 Qc7 12. h5 h6 13. Nh4 O-O-O 14. f4 Kb8 15. Ndf3
Nf8 16. Bd2 Na5 17. Rd1 Bc6 18. O-O Re8 19. f5 exf5 20. Nxf5 Ne6 21. Rf2 Nb7
22. Rdf1 Ka8 23. g3 Bd8 24. Be3 Qd7 25. Qd2 Rhg8 26. Rg2 Ref8 27. g4 Rh8 28.
Rff2 Re8 29. Rh2 Reg8 30. Rfg2 Bc7 31. Rh3 Nbd8 32. Rh4 Nf8 33. Kf1 Nde6 34. g5
hxg5 35. Nxg5 Nxg5 36. Bxg5 Ne6 37. Be3 Qd8 38. Qf2 Be8 39. Ke1 Kb8 40. h6 g5
41. h7 Rf8 42. Rh6 f6 43. Qd2 Rf7 44. exf6 Rfxh7 45. Rxh7 Rxh7 46. Bxg5 Rh1+
47. Kf2 Bf7 48. Nh6 Nxg5 49. Qxg5 Qe8 50. Rg1 Rh2+ 51. Rg2 Rh5 52. Qxh5 Bxh5
53. Rg8 Qxg8 54. Nxg8 Bd8 55. Bf5 Kc7 56. Be6 Kd6 57. f7 Bxf7 58. Bxf7 Bg5 59.
a4 Kc6 60. Ke2 Kd6 61. Kd1 Kc6 62. Kc2 Kd6 63. Kb1 Kc6 64. Ka2 Kd6 65. Ka3 Kc6
66. Kb4 Kd6 67. Ka3 Kc6 68. Kb4 Kd6 69. b3 cxb3 70. Kxb3 Kc6 71. c4 dxc4+ 72.
Bxc4 Kd6 73. Kc3 Kc6 74. Kd3 Kd7 75. Ke4 Kd6 76. Bb3 1-0

[Event "Open A Zadar 2016"]
[Site "Zadar"]
[Date "2016.12.15"]
[Round "7.3"]
[White "Palac, Mladen"]
[Black "Stevic, Hrvoje"]
[Result "1/2-1/2"]
[WhiteElo "2601"]
[BlackElo "2600"]
[PlyCount "21"]
[EventDate "2016.12.11"]
[EventCountry "CRO"]

1. e4 e5 2. Nf3 Nc6 3. Bb5 a6 4. Ba4 Nf6 5. O-O Be7 6. Re1 b5 7. Bb3 d6 8. c3
O-O 9. d3 Na5 10. Bc2 c5 11. Nbd2 1/2-1/2

[Event "Open A Zadar 2016"]
[Site "Zadar"]
[Date "2016.12.15"]
[Round "7.4"]
[White "Brkic, Ante"]
[Black "Schreiner, Peter"]
[Result "1/2-1/2"]
[WhiteElo "2569"]
[BlackElo "2472"]
[PlyCount "33"]
[EventDate "2016.12.11"]
[EventCountry "CRO"]

1. e4 e5 2. Nf3 Nc6 3. Bc4 Nf6 4. d3 Be7 5. O-O O-O 6. Re1 d6 7. a4 Na5 8. Ba2
c5 9. c3 Nc6 10. Na3 h6 11. Bd2 a6 12. Nc2 Be6 13. Bxe6 fxe6 14. b4 cxb4 15.
cxb4 b5 16. d4 Qb6 17. dxe5 1/2-1/2

[Event "Open A Zadar 2016"]
[Site "Zadar"]
[Date "2016.12.15"]
[Round "7.5"]
[White "Sebenik, Matej"]
[Black "Klekowski, Maciej"]
[Result "1/2-1/2"]
[WhiteElo "2541"]
[BlackElo "2448"]
[PlyCount "96"]
[EventDate "2016.12.11"]
[EventCountry "CRO"]

1. d4 Nf6 2. c4 e6 3. Nc3 Bb4 4. e3 O-O 5. Bd3 b6 6. Nge2 d5 7. cxd5 exd5 8. a3
Bxc3+ 9. bxc3 c5 10. O-O Ba6 11. f3 Re8 12. Ng3 Bxd3 13. Qxd3 Nc6 14. Bb2 c4
15. Qd2 b5 16. Rae1 Nd7 17. e4 Nb6 18. e5 Na4 19. f4 f6 20. Bc1 a5 21. Qc2 Qd7
22. f5 fxe5 23. f6 Rf8 24. dxe5 Rae8 25. fxg7 Qa7+ 26. Kh1 Qxg7 27. Nf5 Qg6 28.
Re3 Kh8 29. Rg3 Qe6 30. h3 Ne7 31. Ne3 Rxf1+ 32. Nxf1 Rf8 33. Qe2 Nc5 34. Be3
Ne4 35. Rf3 Rxf3 36. Qxf3 Qf5 37. Bd4 Kg8 38. Ne3 Qxf3 39. gxf3 Ng3+ 40. Kg2
Ngf5 41. Nc2 Nc6 42. Bb6 Nxe5 43. Bxa5 Nd3 44. Bc7 Kf7 45. f4 Ke6 46. Kf3 h5
47. Bb6 Nh4+ 48. Kg3 Nf5+ 1/2-1/2

[Event "Open A Zadar 2016"]
[Site "Zadar"]
[Date "2016.12.15"]
[Round "7.6"]
[White "Xiang, Zeyu"]
[Black "Jovanic, Ognjen"]
[Result "1/2-1/2"]
[WhiteElo "2310"]
[BlackElo "2477"]
[PlyCount "149"]
[EventDate "2016.12.11"]
[EventCountry "CRO"]

1. d4 Nf6 2. c4 e6 3. Nf3 Bb4+ 4. Nbd2 O-O 5. a3 Be7 6. g3 b6 7. Bg2 Bb7 8. O-O
c5 9. b3 cxd4 10. Bb2 Qc7 11. Bxd4 d6 12. Qc2 Nbd7 13. Rfd1 Rac8 14. Rac1 Rfd8
15. Qb2 Qb8 16. h3 Bf8 17. Qb1 a6 18. a4 h6 19. Bb2 Bc6 20. Qa2 Be7 21. Qa1 Ba8
22. Re1 Bf8 23. Red1 Be7 24. Re1 b5 25. cxb5 axb5 26. axb5 e5 27. Qa5 d5 28. e3
Bd6 29. Red1 Bc7 30. Qb4 Bd6 31. Qa5 Bc7 32. Rxc7 Qxc7 33. Qxc7 Rxc7 34. Nxe5
Rc2 35. Nxd7 Rxb2 36. Nxf6+ gxf6 37. Ne4 Kg7 38. Nc5 Rc2 39. b4 Rb8 40. Bxd5
Rd8 41. e4 Rc4 42. Rb1 Bxd5 43. exd5 Rxd5 44. b6 Rd6 45. b7 Rb6 46. Kg2 Rcxb4
47. Rxb4 Rxb4 48. Kf3 f5 49. Ke3 f4+ 50. Kd3 fxg3 51. fxg3 Kg6 52. Kc3 Rb6 53.
Kd4 h5 54. Ke5 f6+ 55. Kd5 h4 56. gxh4 Kh5 57. Nd7 Rxb7 58. Nxf6+ Kxh4 59. Ke6
Kxh3 60. Kf5 Kh4 61. Ne4 Rf7+ 62. Nf6 Rf8 63. Kg6 Kg3 64. Kf5 Kf3 65. Ke5 Ke3
66. Kf5 Kd4 67. Ke6 Ra8 68. Nd7 Ra6+ 69. Kf5 Rc6 70. Nf6 Rd6 71. Ng4 Rd5+ 72.
Ke6 Ra5 73. Nf6 Ra6+ 74. Kf5 Rxf6+ 75. Kxf6 1/2-1/2

[Event "Open A Zadar 2016"]
[Site "Zadar"]
[Date "2016.12.15"]
[Round "7.7"]
[White "Xu, Xiangyu"]
[Black "Li, Di"]
[Result "1/2-1/2"]
[WhiteElo "2467"]
[BlackElo "2434"]
[PlyCount "61"]
[EventDate "2016.12.11"]
[EventCountry "CRO"]

1. e4 e5 2. Nf3 Nf6 3. Nxe5 d6 4. Nf3 Nxe4 5. d4 d5 6. Bd3 Nc6 7. O-O Be7 8. c4
Nb4 9. cxd5 Nxd3 10. Qxd3 Qxd5 11. Re1 Bf5 12. g4 Bg6 13. Nc3 Nxc3 14. Qxc3 f6
15. Qxc7 O-O 16. Rxe7 Qxf3 17. Rxg7+ Kh8 18. Bh6 Qxg4+ 19. Qg3 Qxd4 20. Rxg6
hxg6 21. Bxf8 Rxf8 22. Rc1 Kg7 23. Rc7+ Rf7 24. Rxf7+ Kxf7 25. Qc7+ Ke6 26.
Qxb7 Qg4+ 27. Kf1 Qc4+ 28. Kg2 Qg4+ 29. Kf1 Qd1+ 30. Kg2 Qg4+ 31. Kf1 1/2-1/2

[Event "Open A Zadar 2016"]
[Site "Zadar"]
[Date "2016.12.15"]
[Round "7.8"]
[White "Kreisl, Robert"]
[Black "Saric, Ante"]
[Result "1/2-1/2"]
[WhiteElo "2436"]
[BlackElo "2547"]
[PlyCount "33"]
[EventDate "2016.12.11"]
[EventCountry "CRO"]

1. c4 e6 2. Nc3 d5 3. d4 Be7 4. Nf3 Nf6 5. Bf4 O-O 6. e3 c5 7. dxc5 Bxc5 8. Qc2
Nc6 9. a3 Re8 10. O-O-O e5 11. Bg5 d4 12. Nd5 Be7 13. Nxe7+ Qxe7 14. exd4 Bg4
15. dxe5 Nxe5 16. Re1 Bxf3 17. gxf3 1/2-1/2

[Event "Open A Zadar 2016"]
[Site "Zadar"]
[Date "2016.12.15"]
[Round "7.9"]
[White "Markoja, Boris"]
[Black "Stopa, Jacek"]
[Result "1/2-1/2"]
[WhiteElo "2366"]
[BlackElo "2479"]
[PlyCount "37"]
[EventDate "2016.12.11"]
[EventCountry "CRO"]

1. d4 d5 2. c4 e6 3. g3 Nf6 4. Nf3 c6 5. Bg2 dxc4 6. Ne5 Bb4+ 7. Bd2 Qxd4 8.
Bxb4 Qxe5 9. Na3 b5 10. Bd6 Qxb2 11. O-O Nd5 12. e4 Nc3 13. Qh5 Qd2 14. e5 Qh6
15. Qg4 Bd7 16. Rac1 Nd5 17. Qd4 Qg5 18. Nb1 Na6 19. a4 1/2-1/2

[Event "Open A Zadar 2016"]
[Site "Zadar"]
[Date "2016.12.15"]
[Round "7.10"]
[White "Plenca, Jadranko"]
[Black "Swayams, Mishra"]
[Result "0-1"]
[WhiteElo "2415"]
[BlackElo "2473"]
[PlyCount "52"]
[EventDate "2016.12.11"]
[EventCountry "CRO"]

1. e4 e6 2. d4 d5 3. Nd2 Be7 4. e5 c5 5. c3 Nc6 6. Bd3 Qb6 7. Ndf3 Bd7 8. Ne2
f6 9. exf6 Nxf6 10. a3 O-O 11. O-O cxd4 12. cxd4 Bd6 13. Bf4 Bxf4 14. Nxf4 Qxb2
15. Re1 Rae8 16. Rb1 Qxa3 17. Rxb7 Bc8 18. Rb3 Qd6 19. Ne5 Ne4 20. Nxc6 Qxf4
21. f3 Bd7 22. Qc2 Bxc6 23. Qxc6 Nd2 24. Rb4 Nxf3+ 25. gxf3 Qg5+ 26. Kh1 Qd2
0-1

[Event "Open A Zadar 2016"]
[Site "Zadar"]
[Date "2016.12.15"]
[Round "7.11"]
[White "Livaic, Leon"]
[Black "Mesaros, Florian"]
[Result "1-0"]
[WhiteElo "2451"]
[BlackElo "2334"]
[PlyCount "137"]
[EventDate "2016.12.11"]
[EventCountry "CRO"]

1. Nf3 d5 2. b3 Bg4 3. Bb2 Nd7 4. e3 e6 5. Be2 c6 6. O-O Ngf6 7. c4 Bd6 8. cxd5
exd5 9. d3 O-O 10. Nbd2 Re8 11. Re1 a5 12. a3 Qc7 13. h3 Bh5 14. Rc1 Ne5 15.
Qc2 Qe7 16. Nxe5 Bxe5 17. Bxh5 Nxh5 18. Bxe5 Qxe5 19. Nf3 Qd6 20. Qb2 Nf6 21.
Rc2 Ra6 22. Rce2 Nd7 23. e4 dxe4 24. dxe4 c5 25. Rd2 Qc7 26. Red1 Nf8 27. e5
Rg6 28. Qc2 b6 29. a4 h6 30. Nh4 Rc6 31. f4 Ne6 32. Rd7 Qc8 33. Qc4 Rc7 34.
Rxc7 Qxc7 35. Nf5 Rd8 36. Nd6 Qe7 37. Kh2 Nd4 38. Rd3 h5 39. Rg3 Qe6 40. Qd3
Rd7 41. Qe4 h4 42. Qa8+ Kh7 43. Rg4 Qe7 44. Qe4+ g6 45. f5 Rxd6 46. Rxh4+ Kg7
47. exd6 Qxd6+ 48. Qf4 Qxf4+ 49. Rxf4 Nxf5 50. Rf3 Nd4 51. Re3 Kf6 52. Kg1 Nc2
53. Re8 Nb4 54. Kf2 Kf5 55. g3 Nc6 56. Ke3 Nb4 57. g4+ Kg5 58. Rb8 f5 59. gxf5
Kxf5 60. Kf3 Nd5 61. Rf8+ Ke5 62. Rg8 Kf5 63. Rb8 Ke5 64. Kg4 Kd4 65. Rd8 c4
66. bxc4 Kxc4 67. Kg5 b5 68. axb5 Nc7 69. Rc8 1-0

[Event "Open A Zadar 2016"]
[Site "Zadar"]
[Date "2016.12.15"]
[Round "7.12"]
[White "Halvax, Georg"]
[Black "Mencinger, Vojko"]
[Result "1/2-1/2"]
[WhiteElo "2395"]
[BlackElo "2356"]
[PlyCount "101"]
[EventDate "2016.12.11"]
[EventCountry "CRO"]

1. Nf3 Nf6 2. g3 d5 3. Bg2 g6 4. b3 Bg7 5. Bb2 c5 6. c4 O-O 7. cxd5 Qxd5 8. O-O
Qh5 9. Re1 Bh3 10. Bh1 Nc6 11. d3 Rac8 12. Nbd2 Rfd8 13. Rc1 b6 14. Rc4 g5 15.
Qa1 Be6 16. Rcc1 Ne8 17. Bxg7 Nxg7 18. Ne5 Nb4 19. a3 Nd5 20. Ndf3 f6 21. Nc4
Bg4 22. b4 Ne6 23. Ne3 Nxe3 24. fxe3 Bxf3 25. Bxf3 g4 26. Bg2 Qh6 27. Kf2 Kg7
28. Rc4 Qh5 29. Rec1 Qf5+ 30. Kg1 Qg5 31. Re4 Rd6 32. Qa2 Kf7 33. bxc5 Rxc5 34.
Rxc5 Qxc5 35. d4 Qc1+ 36. Kf2 f5 37. Re5 Kf6 38. Qb3 Ng5 39. Qg8 Nf7 40. Qf8
Qc7 41. e4 e6 42. exf5 Qc4 43. e3 exf5 44. Re7 Kg6 45. Qg8+ Kf6 46. Qf8 Kg6 47.
d5 Rf6 48. Qg8+ Kh6 49. Qf8+ Kg6 50. Qg8+ Kh6 51. Qf8+ 1/2-1/2

[Event "Open A Zadar 2016"]
[Site "Zadar"]
[Date "2016.12.15"]
[Round "7.13"]
[White "Fercec, Nenad"]
[Black "Bubalovic, Davorin"]
[Result "1-0"]
[WhiteElo "2461"]
[BlackElo "2229"]
[PlyCount "89"]
[EventDate "2016.12.11"]
[EventCountry "CRO"]

1. e4 c5 2. Nf3 e6 3. d4 cxd4 4. Nxd4 a6 5. Nc3 Qc7 6. Bd3 Nf6 7. Qe2 Bc5 8.
Nb3 Bd6 9. Bd2 Nc6 10. O-O-O b5 11. a3 Bb7 12. Kb1 Be5 13. g4 d6 14. g5 Nd7 15.
f4 Bxc3 16. Bxc3 e5 17. f5 Nc5 18. Qe3 Na4 19. Bd2 Nb6 20. f6 g6 21. h4 Nc4 22.
Bxc4 bxc4 23. Nc1 Nd4 24. Ne2 Nxe2 25. Qxe2 Qc6 26. Rde1 O-O-O 27. Ba5 Rd7 28.
h5 Re8 29. hxg6 hxg6 30. Rh4 Qb5 31. Bc3 Bc6 32. Qh2 Rdd8 33. Rh7 Rd7 34. Rh8
Rdd8 35. Rxe8 Bxe8 36. Qh7 Kb7 37. Qg7 Qd7 38. Qf8 Qe6 39. Rd1 Kc6 40. Bb4 Kb7
41. Ba5 Rd7 42. Rh1 Kc6 43. Rh8 Kb5 44. Qxe8 Kxa5 45. Qb8 1-0

[Event "Open A Zadar 2016"]
[Site "Zadar"]
[Date "2016.12.15"]
[Round "7.14"]
[White "Reich, Thomas"]
[Black "Stefanov, Emil"]
[Result "1-0"]
[WhiteElo "2362"]
[BlackElo "2484"]
[PlyCount "83"]
[EventDate "2016.12.11"]
[EventCountry "CRO"]

1. d4 d5 2. Bf4 c6 3. e3 Qb6 4. Nf3 Qxb2 5. Nbd2 e6 6. Bd3 Nf6 7. h3 Qb6 8. a4
a5 9. O-O Qd8 10. c4 Be7 11. Ne5 Nbd7 12. Qc2 h6 13. c5 O-O 14. Ndf3 Nxe5 15.
Nxe5 Nd7 16. Rab1 Nxe5 17. Bxe5 Qd7 18. Rb3 Bd8 19. Qe2 Bc7 20. f4 f6 21. Bxc7
Qxc7 22. Qh5 Bd7 23. Qg6 f5 24. Rfb1 Rab8 25. Rb6 Rf6 26. Qg3 Bc8 27. Ba6 Rf7
28. Qg6 Qd7 29. R1b2 Rf6 30. Qh5 Rf7 31. g4 Ra8 32. Bd3 Qe7 33. Rg2 Rf8 34.
Rbb2 Qf7 35. Qh4 Rb8 36. g5 Qe7 37. Qe1 Kh8 38. Qxa5 Bd7 39. gxh6 gxh6 40. Qc7
Rg8 41. Qe5+ Kh7 42. Bxf5+ 1-0

[Event "Open A Zadar 2016"]
[Site "Zadar"]
[Date "2016.12.15"]
[Round "7.15"]
[White "Krstulovic, Alex"]
[Black "Rezan, Sasa"]
[Result "1/2-1/2"]
[WhiteElo "2258"]
[BlackElo "2437"]
[PlyCount "37"]
[EventDate "2016.12.11"]
[EventCountry "CRO"]

1. d4 Nf6 2. c4 e6 3. Nf3 d5 4. Nc3 Bb4 5. Bg5 dxc4 6. e4 c5 7. Bxc4 cxd4 8.
Nxd4 Bxc3+ 9. bxc3 Qa5 10. Bxf6 Qxc3+ 11. Kf1 gxf6 12. Rc1 Qa5 13. Bb5+ Ke7 14.
e5 fxe5 15. Qh5 Nd7 16. Qg5+ Kf8 17. Rxc8+ Rxc8 18. Bxd7 Qd8 19. Nxe6+ 1/2-1/2

[Event "Open A Zadar 2016"]
[Site "Zadar"]
[Date "2016.12.15"]
[Round "7.16"]
[White "Schnider, Gert"]
[Black "Bilobrk, Franjo"]
[Result "1/2-1/2"]
[WhiteElo "2407"]
[BlackElo "2354"]
[PlyCount "49"]
[EventDate "2016.12.11"]
[EventCountry "CRO"]

1. e4 c5 2. Nf3 d6 3. d4 cxd4 4. Nxd4 Nf6 5. Nc3 a6 6. Be3 Ng4 7. Bc1 Nf6 8. h3
e5 9. Nb3 Be6 10. f4 exf4 11. Bxf4 Nc6 12. Qe2 Be7 13. O-O-O Qc7 14. Kb1 O-O
15. g4 Ne5 16. g5 Nfd7 17. Qg2 Rac8 18. h4 Nb6 19. Nd4 Nbc4 20. Nd5 Bxd5 21.
exd5 Nxb2 22. Kxb2 Qc3+ 23. Kb1 Qb4+ 24. Ka1 Qc3+ 25. Kb1 1/2-1/2

[Event "Open A Zadar 2016"]
[Site "Zadar"]
[Date "2016.12.15"]
[Round "7.17"]
[White "Piskur, Mitja"]
[Black "Djurovic, Goran"]
[Result "0-1"]
[WhiteElo "2285"]
[BlackElo "2396"]
[PlyCount "74"]
[EventDate "2016.12.11"]
[EventCountry "CRO"]

1. e4 c5 2. Nf3 d6 3. g3 Nc6 4. Bg2 g6 5. O-O Bg7 6. d3 e6 7. c3 e5 8. Bg5 Nge7
9. Na3 O-O 10. Qd2 f6 11. Bh6 d5 12. Bxg7 Kxg7 13. exd5 Nxd5 14. Rfe1 Re8 15.
h4 h5 16. Nc2 Bf5 17. d4 cxd4 18. Nfxd4 exd4 19. Rxe8 Qxe8 20. Bxd5 dxc3 21.
Qxc3 Qe5 22. Qxe5 fxe5 23. Ne3 Nd4 24. Kg2 Rc8 25. Bxb7 Rb8 26. Bd5 Rxb2 27.
Rc1 Nc2 28. Nxc2 Bxc2 29. Kf3 a5 30. Ke3 a4 31. f3 Kf6 32. Re1 a3 33. Re2 Bb1
34. Rd2 Ke7 35. Ke2 Kd6 36. Be4+ Rxd2+ 37. Kxd2 Bxa2 0-1

[Event "Open A Zadar 2016"]
[Site "Zadar"]
[Date "2016.12.15"]
[Round "7.18"]
[White "Blazeka, Matej"]
[Black "Jakic, Ivan"]
[Result "1/2-1/2"]
[WhiteElo "2284"]
[BlackElo "2380"]
[PlyCount "201"]
[EventDate "2016.12.11"]
[EventCountry "CRO"]

1. e4 c5 2. Nf3 d6 3. d4 cxd4 4. Nxd4 Nf6 5. f3 e5 6. Nb3 d5 7. Bg5 d4 8. c3
Nc6 9. Bb5 h6 10. Bxf6 Qxf6 11. cxd4 Bb4+ 12. Nc3 O-O 13. Bxc6 bxc6 14. dxe5
Qxe5 15. Qd4 Qe7 16. O-O-O Be6 17. Kb1 Rab8 18. Na4 Rb5 19. Qe3 c5 20. Rc1 Rc8
21. Rhd1 Qb7 22. Rc2 Qa6 23. Nc3 Bxc3 24. Rxc3 Rcb8 25. Rd2 Qb6 26. Qf2 Qa6 27.
Rdc2 Kh7 28. Qe2 Qa4 29. Rxc5 Rxb3 30. axb3 Bxb3 31. R2c3 Qa2+ 32. Kc1 Qa1+ 33.
Kd2 Ba4 34. b3 Bxb3 35. Ke3 Qg1+ 36. Qf2 Qxh2 37. f4 Rb4 38. Rc1 Be6 39. R5c3
f5 40. exf5 Bxf5 41. Rc4 Rb3+ 42. R4c3 Rb4 43. Rc4 Rb8 44. Rc5 Re8+ 45. Kd2
Rd8+ 46. Kc3 Qh5 47. Kb2 Rb8+ 48. Kc3 Qf7 49. Qd4 Rb3+ 50. Kd2 Rd3+ 51. Qxd3
Bxd3 52. Kxd3 Qxf4 53. R1c2 Qb4 54. R5c4 Qb3+ 55. Kd4 a5 56. Kc5 a4 57. R2c3
Qd1 58. g3 h5 59. Ra3 Qe1 60. Rcxa4 Kh6 61. Rb3 Kg5 62. Raa3 g6 63. Rc3 Qf2+
64. Kc4 Kg4 65. Rab3 g5 66. Kb5 Qe2+ 67. Ka4 Qa6+ 68. Kb4 Kh3 69. Rc4 g4 70.
Rcc3 Qa7 71. Kc4 Qa4+ 72. Kd5 Qa5+ 73. Kc4 Qe5 74. Rd3 Qe4+ 75. Kc5 Qa4 76.
Rdc3 Qa7+ 77. Kb4 Qa6 78. Rd3 Qb6+ 79. Kc3 Qc5+ 80. Kb2 Qe5+ 81. Ka3 Qa1+ 82.
Kb4 Qa7 83. Kc3 Qf2 84. Kb4 Qe1+ 85. Ka3 Qe2 86. Rdc3 Qe5 87. Kb2 h4 88. gxh4+
Kxh4 89. Kc1 Qd4 90. Rd3 Qa1+ 91. Kd2 Qa2+ 92. Ke1 Qc2 93. Kf1 Qc1+ 94. Kg2 Qe1
95. Re3 Qd2+ 96. Kh1 Qf2 97. Red3 Qe2 98. Rdc3 Kg5 99. Rc5+ Kf4 100. Rcc3 Qf1+
101. Kh2 1/2-1/2

[Event "Open A Zadar 2016"]
[Site "Zadar"]
[Date "2016.12.15"]
[Round "7.19"]
[White "Guttenthaler, Franz"]
[Black "Glavas, Dragan"]
[Result "1/2-1/2"]
[WhiteElo "2268"]
[BlackElo "2286"]
[PlyCount "61"]
[EventDate "2016.12.11"]
[EventCountry "CRO"]

1. d4 d5 2. c4 dxc4 3. Nf3 e6 4. e3 b5 5. a4 b4 6. Bxc4 Nf6 7. O-O Bb7 8. Qe2
Be7 9. Rd1 O-O 10. Nbd2 Nbd7 11. Bb3 c5 12. Nc4 Qc7 13. Bd2 a5 14. Rac1 Bd5 15.
Be1 Qb7 16. Ncd2 Bc6 17. Bc2 cxd4 18. exd4 Nb6 19. g3 Nxa4 20. Bxa4 Bxa4 21. b3
Bb5 22. Nc4 Nd5 23. Nfe5 Qa6 24. Ra1 Nb6 25. Rdc1 Bf6 26. Bxb4 Bxe5 27. Rxa5
Bxc4 28. bxc4 Qxa5 29. Bxa5 Rxa5 30. dxe5 Rc5 31. f4 1/2-1/2

[Event "Open A Zadar 2016"]
[Site "Zadar"]
[Date "2016.12.15"]
[Round "7.20"]
[White "Zufic, Miroslav"]
[Black "Deglmann, Ludwig"]
[Result "0-1"]
[WhiteElo "2411"]
[BlackElo "2303"]
[PlyCount "68"]
[EventDate "2016.12.11"]
[EventCountry "CRO"]

1. e4 e6 2. d4 d5 3. Nd2 Be7 4. Ngf3 Nf6 5. Bd3 c5 6. dxc5 O-O 7. Qe2 a5 8. e5
Nfd7 9. c4 Nxc5 10. Bb1 b6 11. b3 f5 12. Bb2 Nc6 13. O-O Ba6 14. Rd1 Ra7 15.
Nd4 Nxd4 16. Bxd4 Rd7 17. Bxc5 bxc5 18. Bd3 d4 19. Nf3 Bb7 20. Ne1 Qc7 21. Bc2
g5 22. h3 Bd8 23. Nd3 Rg7 24. f3 g4 25. hxg4 fxg4 26. f4 Qe7 27. g3 Rf5 28. Nf2
Bf3 29. Qd2 Rh5 30. Re1 Qf7 31. Be4 Bh4 32. gxh4 Rxh4 33. f5 Qh5 34. Qf4 Rh1+
0-1

[Event "Open A Zadar 2016"]
[Site "Zadar"]
[Date "2016.12.15"]
[Round "7.21"]
[White "Plenca, Julijan"]
[Black "Sahil, Tickoo"]
[Result "1-0"]
[WhiteElo "2411"]
[BlackElo "2165"]
[PlyCount "71"]
[EventDate "2016.12.11"]
[EventCountry "CRO"]

1. e4 c5 2. Nf3 d6 3. d4 cxd4 4. Nxd4 Nf6 5. Nc3 a6 6. h3 e5 7. Nde2 h5 8. Bg5
Be7 9. Bxf6 Bxf6 10. Nd5 Bg5 11. Nec3 Be6 12. Bc4 Nc6 13. O-O g6 14. Bb3 O-O
15. Qd3 Rc8 16. Rad1 Re8 17. Ne2 Kg7 18. a3 Na5 19. f4 exf4 20. Nexf4 Nxb3 21.
cxb3 Bxf4 22. Nxf4 Qg5 23. Kh1 Qe5 24. Qf3 Rc7 25. Rd2 Rec8 26. Rdf2 Rh8 27.
Qe3 Re8 28. Nd3 Qb5 29. Rf3 Rce7 30. a4 Qc6 31. Nf4 Qc5 32. Qd2 Qc6 33. Nxh5+
Kh7 34. Nf6+ Kg7 35. Qd4 Rg8 36. Rc3 1-0